MARC details
| 000 -LÍDER |
| campo de controle de tamanho fixo |
01525nam a2200313 4500 |
| 001 - NÚMERO DE CONTROLE |
| campo de controle |
32 |
| 003 - IDENTIFICADOR DO NÚMERO DE CONTROLE |
| campo de controle |
OSt |
| 005 - DATA E HORÁRIO DA ÚLTIMA TRANSAÇÃO |
| campo de controle |
20250528074010.0 |
| 008 - CAMPO DE DADOS FIXOS--INFORMAÇÃO GERAL |
| campo de controle de tamanho fixo |
250121b |||||||j |||| 00| 1 eng d |
| 020 ## - ISBN - INTERNATIONAL STANDARD BOOK NUMBER |
| ISBN - International Standard Book Number |
9788572326919 |
| 040 ## - FONTE DA CATALOGAÇÃO |
| Idioma da catalogação |
por |
| 041 ## - CÓDIGO DE IDIOMA |
| Código do idioma do original e/ou traduções intermediárias do texto |
eng |
| Código do idioma do texto/trilha sonora ou título diferente |
por |
| 082 ## - CDD - CLASSIFICAÇÃO DECIMAL DE DEWEY |
| Número de Classificação |
823 |
| Número do exemplar |
A933o |
| 100 1# - ENTRADA PRINCIPAL--NOME PESSOAL |
| Nome pessoal |
Austen, Jane, |
| Datas associadas ao nome |
1775-1817 |
| 9 (RLIN) |
92 |
| 240 ## - TÍTULO UNIFORME |
| Título uniforme |
Pride and Prejudice |
| 245 ## - TÍTULO |
| Título |
Orgulho e Preconceito / |
| Indicação de responsabilidade, etc. |
Austen, Jane ; Tradução Roberto Leal Ferreira |
| 260 ## - PUBLICAÇÃO, DISTRIBUIÇÃO, ETC. |
| Local de publicação, distribuição, etc. |
São Paulo |
| Nome do editor, distribuidor, etc. |
Martin Claret |
| Data da publicação, distribuição, etc. |
2013 |
| 300 ## - DESCRIÇÃO FÍSICA |
| Extensão |
382 p. |
| 520 ## - NOTA DE RESUMO, ETC. |
| Resumo, etc. |
Orgulho e preconceito é o livro mais famoso de Jane Austen e possui uma série de personagens inesquecíveis e um enredo memorável. Austen nos apresenta Elizabeth Bennet como heroína irresistível e seu pretendente aristocrático, o sr. Darcy. Nesse livro, aspectos diferentes são abordados: orgulho encontra preconceito, ascendência social confronta desprezo social, equívocos e julgamentos antecipados conduzem alguns personagens ao sofrimento e ao escândalo. O livro pode ser considerado a obra-prima da escritora, que equilibra comédia com seriedade, observação meticulosa das atitudes humanas e sua ironia refinada. A nova coleção possui capa dura e estilo inspirado nos bullet journals. |
| 650 #0 - ASSUNTO--TERMO TÓPICO |
| Cabeçalho tópico ou nome geográfico |
Literatura Inglesa |
| 9 (RLIN) |
89 |
| 650 #0 - ASSUNTO--TERMO TÓPICO |
| Cabeçalho tópico ou nome geográfico |
Amor e Paixão |
| 9 (RLIN) |
25 |
| 650 #0 - ASSUNTO--TERMO TÓPICO |
| Cabeçalho tópico ou nome geográfico |
Clássicos |
| 9 (RLIN) |
77 |
| 650 #0 - ASSUNTO--TERMO TÓPICO |
| Cabeçalho tópico ou nome geográfico |
Histórico |
| 9 (RLIN) |
53 |
| 650 #0 - ASSUNTO--TERMO TÓPICO |
| Cabeçalho tópico ou nome geográfico |
Filme |
| 9 (RLIN) |
26 |
| 655 #0 - TERMO DE ÍNDICE--GÊNERO E FORMA |
| Gênero/forma/ou termo foco |
Romance |
| 655 #0 - TERMO DE ÍNDICE--GÊNERO E FORMA |
| Gênero/forma/ou termo foco |
Ficção |
| 700 ## - ENTRADA ADICIONADA - NOME PESSOAL |
| Nome pessoal |
Roberto Leal Ferreira |
| Função do autor por extenso |
Tradutor |
| 9 (RLIN) |
93 |
| 942 ## - ELEMENTOS DE ENTRADA ADICIONADOS (KOHA) |
| Fonte de classificação ou esquema de arquivamento |
Classificação decimal de Dewey |
| Ocultar no OPAC |
Não |
| Tipo de material Koha |
Livros |